00370nam a2200145Ia 4500003000400000005001700004008004100021040001800062041000800080100004000088110002000128245002700148260002000175710002900195OSt20260305095221.0211028s2006 xx 000 0 und d cAIMIT LIBRARY aeng aK, Sushma; Kumar, Rakesh.g30910226 aVasta, Ruchika. aCashew ERP solutions / aMangalorec2006 aDhithi Infoserve Pvt Ltd